| 000 | 00649nam a22001817a 4500 | ||
|---|---|---|---|
| 003 | BUBTL | ||
| 008 | 190225b xxu||||| |||| 00| 0 eng d | ||
| 020 | _a978-984-8933-60-2 | ||
| 082 | _a891.443/AHH | ||
| 100 |
_91697 _aআহমেদ,হুমায়ূন |
||
| 245 |
_aহিমু এবং রাশিয়ান পরী / _cহুমায়ূন আহমেদ |
||
| 260 |
_aঢাকা: _bজ্ঞান কোষ প্রকাশনী, _cc-2011 |
||
| 300 |
_a94 p.: _c;22 cm |
||
| 650 | 0 |
_91689 _aবাংলা সাহিত্য |
|
| 856 |
_k0 _l0 _yDownload |
||
| 942 |
_2ddc _cBK |
||
| 999 |
_c5877 _d5877 |
||